000 00430nam a2200181Ia 4500
001 22393
005 20260414150828.0
008 260414t1996||||xx |||||||||||||| ||spa||
041 _aESP
082 _a621.38043
_bW56
100 _aWilson, Stephen G.
_eAUT
245 0 _aDigital modulation and coding
_b
260 _c1996
300 _a677 páginas :
_ccm.
650 _aTCA
654 _aCET
942 _cLIB
_dJUS
_fJUS
_2ddc
_n
999 _c22393
_d22393